000 00287nam a2200121Ia 4500
005 20260328101440.0
008 260328s9999||||xx |||||||||||||| ||und||
100 _aLin, Maya
245 0 _aMaya Lin :
_b Boundaries /
_cMaya Lin
260 _bSimon & Schuster
650 _aARTE
942 _cBK
999 _c8245
_d8245